000
00272cam a22000977a 4500
008
180718b1955 xxu||||| |||| 00| 0 eng d
082
_a
T5703x5453 T697r
245
_a
Rules for the insurance of motor vehicles
260
_a
Ernakulam
_b
Government Press
_c
1955
300
_a
19+p.
999
_c
424176
_d
424176